000 01093nam a2200313 i 4500
005 20260622122547.0
008 260521t20242024my bo gr a001 0dmay d
020 _a9789835221231
_cRM60.00
_qpaperback
040 _aPPAK
_beng
_cPPAK
_erda
082 0 4 _223
_a615.321
090 0 0 _a615.321
_bPAN
_dG
100 1 _aPanjaitan, Ruqiah Ganda Putri,
_eauthor.
245 1 0 _aAMALAN RAWATAN HERBA :
_bANTI HIPERTENSI /
_cRUQIAH GANDA PUTRI PANJAITAN, YOUVA KRISTI, BUDI IRAWAN, LIZA MD SALLEH
264 1 _aJohor Bahru, Johor :
_bPENERBIT UTM PRESS,
_c2024
264 4 _c©2024
300 _aviii, 80 pages :
_bmaps, photographs ;
336 _atext
_2rdacontent
337 _aunmediated
_2rdamedia
338 _avolume
_2rdacarrier
500 _aIncludes index.
504 _aBibliography: pages [69]-80.
650 1 0 _aHerbs
_xTherapeutic use.
650 2 0 _aMedicinal plants.
650 2 0 _aGovernment publications
_vMalaysia.
700 1 _aKristi, Youva,
_eauthor.
700 0 _aBudi Irawan,
_eauthor.
700 0 _aLiza Md Salleh,
_eauthor.
942 _2ddc
_cB
999 _c204393
_d204393